Sports les plus pratiqués dans le monde - Statistiques

Statistiques générales
  • Ce quiz a été pris 14 861 fois
    2 273 depuis la dernière actualisation
  • Le résultat moyen est 7 sur 10
Statistiques - réponses
Rang Sport % Correct
1 Football
100%
3 Basketball
92%
4 Tennis
85%
7 Rugby
79%
6 Volley-ball
63%
8 Baseball
54%
10 Tennis de table
53%
9 Golf
49%
2 Cricket
47%
5 Hockey sur glace
38%
Aucun quiz correspondant
Distribution des résultats
% des personnes avec chaque résultat
Percentile par nombre de réponses
Votre historique - résultats
Vous n’avez pas pris ce quiz depuis la dernière actualisation